E-commerce for business skilfulness

Obchodné stratégie a elektronický obchod. Elektronický obchod a zručnosť, odbornosť. Využitie informačných technológií v obchodnej stratégii. Významné prvky elektronického obchodu. Elektronický obchod ako nástroj zvýšenia hodnoty produktu, ako aj obchodnej stratégie. Príklady. Nová a stará stratégia...

Descripción completa

Guardado en:
Detalles Bibliográficos
Autor principal: Hasan, Jamal
Formato: Capítulo de libro
Lenguaje:inglés
Materias:
Etiquetas: Agregar Etiqueta
Sin Etiquetas, Sea el primero en etiquetar este registro!

MARC

LEADER 00000nla$a2200000$$$4500
001 0106360
005 20240502072159.4
041 0 |a eng 
044 |a SK 
245 1 0 |a E-commerce for business skilfulness  |c Jamal Hasan 
520 |a Obchodné stratégie a elektronický obchod. Elektronický obchod a zručnosť, odbornosť. Využitie informačných technológií v obchodnej stratégii. Významné prvky elektronického obchodu. Elektronický obchod ako nástroj zvýšenia hodnoty produktu, ako aj obchodnej stratégie. Príklady. Nová a stará stratégia. Implementácia stratégie elektronického obchodu. Technická a obchodná implementácia. 
610 2 0 |a obchod elektronický 
610 2 0 |a technológie nové 
610 2 0 |a stratégia obchodná 
610 2 0 |a zručnosti 
610 2 0 |a odbornosť 
610 2 0 |a hodnota pridaná 
100 1 |a Hasan, Jamal